Normal view
MARC view
- جرائم الحاسبات الالكترونية - الاردن
Entry Topical Term
001 - CONTROL NUMBER
- control field: 12521
003 - CONTROL NUMBER IDENTIFIER
- control field: JO-AjAnu
005 - DATE AND TIME OF LATEST TRANSACTION
- control field: 20230606072315.0
008 - FIXED-LENGTH DATA ELEMENTS
- fixed length control field: 230606|| aca||aabn | a|a d
040 ## - CATALOGING SOURCE
- Original cataloging agency: JO-AjAnu
- Transcribing agency: JO-AjAnu
150 ## - HEADING--TOPICAL TERM
- Topical term or geographic name entry element: جرائم الحاسبات الالكترونية - الاردن
670 ## - SOURCE DATA FOUND
- Source citation: Work cat.: (JO-AjAnu)6445: الخلايلة، عايد رجا, author 12520, المسؤولية التقصيرية الالكترونية : المسؤولية الناشئة عن اساءة استخدام اجهزة الحاسوب والانترنت : دراسة مقارنة